| 000 | 00498nam a2200181Ia 4500 | ||
|---|---|---|---|
| 003 | GCL | ||
| 008 | 140319s9999 xx 000 0 eng d | ||
| 040 |
_aGCL / _cGCL |
||
| 082 | 0 | 4 |
_a739.27 _bH G |
| 100 | 1 | _aHOFFMANN, HERBERT | |
| 245 | 1 | 0 |
_aGREEK GOLD: JEWELRY FROM THE AGE OF ALEXANDER / _cHOFFMANN, HERBERT |
| 700 | 1 | _aDAVIDSON, PATICIA F | |
| 260 |
_a[S.N] : _bMUSEUM OF FINE ARTS ، _c1966 |
||
| 300 | _a311 P | ||
| 650 | 0 | 4 | _aGOLD |
| 650 | 0 | 4 | _aALEXANDER 1, 1801 - 1825 |
| 942 |
_2ddc _cBK |
||
| 999 |
_c19575 _d19575 |
||